000 00203nam a22000857a 4500
008 170221b xxu||||| |||| 00| 0 eng d
100 _92940
_aSharma.S.C.
245 _aSchool Maths-7
260 _aNew Delhi
_c2014
999 _c6182
_d6182